00471nam a22001577a 4500003000500000005001700005008004100022020001400063040000900077082001500086100002300101245013700124250001400261260003000275300000800305CEME20210628204041.0210106b xxu||||| |||| 00| 0 eng d a084930461 cceme a610.28 BIO aBronzino, Joseph D aThe biomedical engineering handbook Ultra low - power biomedical singal processing, an analog wavelet filter approach for pacemakers a2ND VOL-1 aNEW YORKbCRC PRESSc2000 aPDF